La Iliada
Saved in:
| Main Author: | |
|---|---|
| Format: | Book |
| Language: | Spanish |
| Published: |
Santiago
Andrés Bello
2001
|
| Edition: | 12a. ed |
| Subjects: | |
| Tags: |
Add Tag
No Tags, Be the first to tag this record!
|
MARC
| LEADER | 00000nam a2200000 a 4500 | ||
|---|---|---|---|
| 001 | UCH8503 | ||
| 003 | CL-VaPUC | ||
| 008 | 091127e20010700CL |||||||||||||||||spa|d | ||
| 020 | |a 9561310996 | ||
| 082 | 0 | 4 | |a 883 |b HOM |2 21 |
| 100 | |a Homero |e autor |9 265577 | ||
| 245 | 1 | 3 | |a La Iliada |
| 250 | |a 12a. ed | ||
| 300 | |a 85 p | ||
| 942 | |c BK | ||
| 945 | |d 20091127 00:00:00 |a lazolas | ||
| 260 | |a Santiago |b Andrés Bello |c 2001 | ||
| 500 | |a Adaptación de Andrés Jullian | ||
| 500 | |a Incluye guía de trabajo | ||
| 650 | 0 | |a Literatura clásica |9 375458 | |
| 650 | 0 | |a Literatura épica |9 545078 | |
| 583 | |a last modification |c 20091127 00:00:00 |k Rodrigo Vera | ||
| 999 | |c 338714 |d 338712 | ||